000 00929nam a2200205 a 4500
001 49940
005 20180714034823.0
008 140415d 000 0 eng d
020 _a0078307228
041 _aeng
082 _a621.902
_bKRA
100 1 _aKRAR, STEVE F.
245 1 0 _aTECHNOLOGY OF MACHINE TOOLS
250 _a6a ed.
260 _a[s.l.] :
_bMCGRAW-HILL,
_c[s.f.]
300 _a177
_c22.3 x 3.2 x 28.3
520 _aKRAR, GILL, AND SMIDS. TECHNOLOGY OF MACHINE TOOLS HAS BEEN THE BESTSELLING INTRODUCTION TOMACHINE TOOL TECHNOLOGY FOR DECADES; MACHINISTS THROUGHOUT THE WORLD HAVE STUDIED FROM THIS CLASSIC TEXT. THE NEW SIXTH EDITION PROVIDES A CONCISE OVERVIEW OF CURRENT MACHINE TRADES AND EMPLOYMENT OPPORTUNITIES, FOLLOWED BY COVERAGE OF KEY MACHINING CONCEPTS AND THEIR APPLICATION TO INDUSTRY.
650 1 4 _aMAQUINAS HERRAMIENTAS
700 1 _aSMID, PETER -GILL, ARTHUR R.
_ecoaut.
999 _c49940
_d49940